| 000 | 01015cam a2200277 4500 | ||
|---|---|---|---|
| 001 | ABS65953 | ||
| 008 | 021002n2002 000 0 eng u | ||
| 035 | _a(Sirsi) u119973 | ||
| 100 | _aMcConnell, T | ||
| 245 | _aUS markets | ||
| 260 | _c2002 | ||
| 490 |
_aProperty Week _v67(37) 27 September 2002, 45-52(7) |
||
| 520 | _aSpecial report on the US property markets. Articles cover the effect of recession on the office market in New York and Chicago, architect Bill Pedersen's plans to re-develop Ground Zero, the Chicago industrial market and the re-vamping of the mall concept at New York's AOL Time Warner Center. | ||
| 590 | _aABS | ||
| 650 | _aPROPERTY-COMMERCIAL PROPERTY | ||
| 650 | _aMANHATTAN | ||
| 650 | _aCHICAGO | ||
| 650 | _aPROPERTY-COMMERCIAL PROPERTY-OFFICE PROPERTY-OFFICE PROPERTY MARKET | ||
| 650 | _aINDUSTRIAL MARKET | ||
| 650 | _aNEW YORK | ||
| 650 | _aUNITED STATES | ||
| 650 | _aSHOPPING MALLS | ||
| 650 | _aSHOPPING | ||
| 690 | _aINTERNATIONAL-AMERICAS | ||
| 942 | _n0 | ||
| 999 |
_c71289 _d71289 |
||